000 00249nam a22000977a 4500
999 _c17393
_d17393
003 Nust
005 20170410123102.0
008 150917t xxu||||| |||| 00| 0 eng d
020 _681-239-0969-1
040 _cASAB
082 _a616.07
100 _aHarold Varley
_91204
245 _aPractical clinical biochemistry
_c by Harold Varley
250 _6fourth eiditon
260 _aNew Delhi
_bCBS publishers and distributors
_cc1988
300 _axiv, 802 pages ;
_b25 cm
942 _2ddc
_cBK